00306pab a2200121 454500008004000000100001700040245004900057260000900106300000900115362001400124650002700138773001900165180718b1986 xxu||||| |||| 00| 0 eng d aMehta, Ashok aResiduary powers of ligislation and taxation c1986 a36-8 aJan.-Feb. aTaxation - Legislation aPopular Jurist